000 00663nam a22002177a 4500
003 UA-OsUOA
001 52402
007 ta
008 20080213b un ||||| |||| 00| 0 ukr d
100 _aСюндюков І.
090 _a94(477)
_bС-12
942 _cSA
040 _aUA-OsUOA
_bukr
_cUA-OsUOA
_dUA-OsUOA
245 _aСтолітній Шелест. 14 лютого виповнюється 100 років одному з найколоритніших керівників УРСР
300 _aС.7
955 _a0
041 _aukr
080 _a94(477)
773 0 _w52400
650 7 _a9 Географія. Біографії. Історія
_2UDC
999 _c338493
_d338493